Countries Chester W. Nimitz visited - Statistics

General Stats
  • This quiz has been taken 35 times
  • The average score is 7 of 11
Answer Stats
Continent Country % Correct
Asia China
91%
North America United States of America
87%
Asia Japan
74%
Asia India
70%
Europe Germany
65%
Oceania Papua New guinea
65%
Europe Belgium
57%
Oceania Solomon Islands
57%
Asia Indonesia
52%
Asia Pakistan
48%
Asia the Philippines
48%
No matching quizzes found
Score Distribution
Percent of People with Each Score
Percentile by Number Answered
Your Score History
You have not taken this quiz